[Event "60th ch-POL"]
[Site "Warsaw POL"]
[Date "2003.04.29"]
[Round "8"]
[White "Jakubowski,K"]
[Black "Jaracz,P"]
[Result "0-1"]
[WhiteElo "2483"]
[BlackElo "2549"]

1.e4 c5 2.Nf3 e6 3.d4 cxd4 4.Nxd4 Nc6 5.Nc3 Qc7 6.Be2 a6 7.O-O Nf6 8.Kh1 Nxd4
9.Qxd4 Bc5 10.Qd3 b5 11.Bg5 Bb7 12.f4 Bb4 13.Bf3 Bxc3 14.bxc3 Rc8 15.Bxf6 gxf6
16.Rad1 Ke7 17.e5 f5 18.Rd2 Bxf3 19.Rxf3 Rhg8 20.Qf1 Qc4 21.Qf2 Qxa2 22.Rfd3 Rc7
23.h3 Qc4 24.Qb6 Rg6 25.Qd6+ Ke8 26.Rd1 a5 27.Qa3 Qxf4 28.Qxa5 Qe4 29.R3d2 Qxe5
30.Qa8+ Ke7 31.Qa3+ Kf6 32.Qf8 Rxc3 33.Qh8+ Rg7 34.Qd8+ Kg6 35.Qxd7 h6 36.Qb7 Kf6
37.Rb1 Re3 38.Rdd1 Qc3 39.Rd3 Rxd3 40.cxd3 Qxd3 41.Qxb5 Qxb5 42.Rxb5 Rg8
43.Kh2 f4 44.Rb7 Ra8 45.Kg1 Ra2 46.Rc7 e5 47.Rb7 Kg6 48.Re7 f6 49.Re8 Kf5
50.Rh8 e4 51.Kf1 e3 52.Re8 h5 53.Rh8 f3 54.gxf3 Rf2+ 55.Ke1 Rxf3 56.Rxh5+ Ke4
57.Rh8 f5 58.Re8+ Kf4 59.h4 Rh3 60.Ke2 Rh2+ 61.Kd3 Rd2+ 62.Kc3 Kf3 63.h5 Rh2
64.Kd3 f4 65.Re5 Rd2+ 66.Kc3 Rd6  0-1

[Event "Vedior Trophy"]
[Site "Milan ITA"]
[Date "2003.05.02"]
[Round "7"]
[White "Astengo,C"]
[Black "Sbarra,M"]
[Result "1-0"]
[WhiteElo "2165"]
[BlackElo "2217"]

1.e4 c5 2.Nf3 Nc6 3.d4 cxd4 4.Nxd4 e6 5.Nc3 Qc7 6.f4 a6 7.Be3 b5 8.Qf3 Bb7
9.Bd3 Na5 10.O-O Nc4 11.Bxc4 Qxc4 12.a3 Nf6 13.h3 Qc7 14.Rad1 b4 15.axb4 Bxb4
16.Rd3 O-O 17.f5 e5 18.Nde2 Qc4 19.Ng3 Rac8 20.Bg5 Bxc3 21.Bxf6 Bd4+ 22.Kh2 gxf6
23.Qg4+ Kh8 24.Qh4 Rc6 25.Nh5 Rg8 26.Nxf6 Rg7 27.Rg3 Rc8 28.Qh6  1-0

[Event "FSGM May"]
[Site "Budapest HUN"]
[Date "2003.05.03"]
[Round "1"]
[White "Pilgaard,K"]
[Black "Horvath,P1"]
[Result "0-1"]
[WhiteElo "2440"]
[BlackElo "2456"]

1.e4 c5 2.Nf3 Nc6 3.Nc3 e6 4.d4 cxd4 5.Nxd4 Nf6 6.Ndb5 d6 7.a4 a6 8.Na3 d5
9.exd5 exd5 10.Bg5 Bb4 11.Qe2+ Be6 12.O-O-O Bxc3 13.bxc3 Qa5 14.Bxf6 gxf6
15.Nb1 O-O-O 16.Qf3 Qxa4 17.Qxf6 Rhg8 18.h3 Rg6 19.Qf3 Ne5 20.Qe3 Bf5 21.Qc5+ Rc6
22.Qe3 Nd7 23.Bd3 Bxd3 24.Rxd3 Nb6 25.Qe7 Nc4 26.Qb4 Qa1 27.Rhd1 a5 28.Qb5 Rb6
29.Qxc4+ dxc4 30.Rxd8+ Kc7 31.R1d7+ Kc6 32.Rd6+ Kb5 33.Rxb6+ Kxb6 34.Rf8 a4
35.Ra8 Kc7 36.g4 b5 37.Ra5 Kb6 38.Ra8 b4 39.Rb8+ Kc7 40.Rxb4 a3 41.Rxc4+ Kd7
42.f4 Qb2+  0-1

[Event "Vedior Trophy"]
[Site "Milan ITA"]
[Date "2003.05.03"]
[Round "8"]
[White "Sanchez,Joseph"]
[Black "Sbarra,M"]
[Result "1-0"]
[WhiteElo "2342"]
[BlackElo "2217"]

1.e4 c5 2.Nf3 Nc6 3.d4 cxd4 4.Nxd4 e6 5.Nc3 Qc7 6.Be3 a6 7.Bd3 b5 8.Nxc6 Qxc6
9.O-O Bb7 10.a3 Ne7 11.Qe2 Ng6 12.Rae1 Ne5 13.Bd4 Nxd3 14.cxd3 Rc8 15.Kh1 Qd6
16.Be3 Qb8 17.f4 h5 18.f5 Bd6 19.fxe6 dxe6 20.Qf2 Qc7 21.e5 Bf8 22.Ne4 Bxe4
23.Rc1 Bxg2+ 24.Qxg2 Qd7 25.Rxc8+ Qxc8 26.Rc1  1-0

[Event "8th Cvitanovic Mem"]
[Site "Spilt CRO"]
[Date "2003.05.04"]
[Round "7"]
[White "Ljubicic,F"]
[Black "Horvath,Jo"]
[Result "1-0"]
[WhiteElo "2406"]
[BlackElo "2507"]

1.e4 c5 2.Nf3 e6 3.d4 cxd4 4.Nxd4 Nc6 5.Nc3 Qc7 6.Be3 Nf6 7.Bd3 a6 8.O-O Ne5
9.h3 Bc5 10.Kh1 d6 11.f4 Ng6 12.Qe1 Bd7 13.f5 Ne5 14.Qh4 Qb6 15.Nce2 O-O
16.b4 Qxb4 17.Rab1 Qa4 18.Rxb7 exf5 19.exf5 Nxd3 20.cxd3 Rab8 21.Rxb8 Rxb8
22.Bg5 Ne8 23.f6 Bxd4 24.Nxd4 Qxa2 25.fxg7 Rb1 26.Bc1 f6 27.Qe4 Qf7 28.Ne2 Qe6
29.Qf3 a5 30.Nc3 Rb8 31.Bh6 Rc8 32.d4 f5 33.Nd5 Qxh6 34.Ne7+ Kxg7 35.Nxf5+ Bxf5
36.Qxf5 Qf6 37.Qg4+ Kh8 38.Rxf6 Rc1+ 39.Kh2 Nxf6 40.Qg5 Rf1 41.Qxa5 d5 42.Qa6 Rf2
43.Qa7 h5 44.Qe7 Kg8 45.Kg1  1-0

[Event "11th Sigeman & Co"]
[Site "Malmoe SWE"]
[Date "2003.05.05"]
[Round "6"]
[White "Hector,J"]
[Black "Timman,J"]
[Result "1-0"]
[WhiteElo "2553"]
[BlackElo "2579"]

1.e4 c5 2.Nf3 e6 3.d4 cxd4 4.Nxd4 Nc6 5.Nc3 a6 6.Nxc6 bxc6 7.Bd3 Qc7 8.Qe2 Bb7
9.O-O d5 10.Na4 Nf6 11.c4 dxe4 12.Bxe4 Nxe4 13.Qxe4 c5 14.Bf4 Qc8 15.Qc2 Qc6
16.f3 Be7 17.Rad1 O-O 18.b3 Rfd8 19.Qf2 h6 20.Be3 Rxd1 21.Rxd1 Rc8 22.Rd3 Kf8
23.Qd2 Ke8 24.Bf4 Bf8 25.h4 Be7 26.h5 f6 27.Bd6 e5 28.Nxc5 Bxd6 29.Nxb7 Be7
30.Nd6+ Bxd6 31.Rxd6 Qb7 32.Qa5 Qa7+ 33.Qb6  1-0

[Event "FSGM May"]
[Site "Budapest HUN"]
[Date "2003.05.06"]
[Round "4"]
[White "Hermansson,E"]
[Black "Kelly,B"]
[Result "0-1"]
[WhiteElo "2396"]
[BlackElo "2468"]

1.e4 c5 2.Nf3 e6 3.d4 cxd4 4.Nxd4 Nc6 5.Nc3 Qc7 6.Be2 a6 7.O-O Nf6 8.Be3 Be7
9.f4 d6 10.Qe1 O-O 11.Qg3 Nxd4 12.Bxd4 b5 13.a3 Bb7 14.Rae1 Rad8 15.Kh1 Bc6
16.Bd3 Qb7 17.Rf3 b4 18.Nd1 bxa3 19.bxa3 g6 20.Qh3 Qc7 21.Nf2 Qa5 22.Rf1 Qh5
23.Qg3 d5 24.Bxf6 Bxf6 25.e5 Be7 26.Bxa6 Ra8 27.Be2 Ra4 28.Re3 Qh4 29.Qxh4 Bxh4
30.Rc3 Ba8 31.Kg1 Be7 32.Ra1 Rxf4 33.Nd3 Ra4 34.Bf3 Bg5 35.Nc5 Ra7 36.g3 Rc7
37.Kf2 Rfc8 38.Rb1 d4 39.Bxa8  0-1

[Event "Capablanca Mem Premier II"]
[Site "Havana CUB"]
[Date "2003.05.06"]
[Round "1"]
[White "Baches Garcia,G"]
[Black "Borges Mateos,J"]
[Result "1-0"]
[WhiteElo "2397"]
[BlackElo "2453"]

1.e4 c5 2.Nf3 e6 3.d4 cxd4 4.Nxd4 Nc6 5.Nc3 Qc7 6.Be3 Nf6 7.Qd2 a6 8.O-O-O Bb4
9.f3 Ne5 10.Nb3 d6 11.Bd4 Nc6 12.Bxf6 gxf6 13.a3 Bxc3 14.Qxc3 Ke7 15.g4 Bd7
16.h4 Rac8 17.Rh2 Ne5 18.Qe3 Bb5 19.g5 fxg5 20.hxg5 Bxf1 21.Rxf1 Rhg8 22.Kb1 Rg7
23.Rg2 h6 24.f4 Nc4 25.Qf2 Qb6 26.Qh4 Kf8 27.f5 exf5 28.exf5 hxg5 29.Qh6 f6
30.Qxf6+  1-0

[Event "Capablanca Mem Premier I"]
[Site "Havana CUB"]
[Date "2003.05.06"]
[Round "1"]
[White "Rodriguez Guerrero,E"]
[Black "Otero,D"]
[Result "1-0"]
[WhiteElo "2502"]
[BlackElo "2394"]

1.e4 c5 2.Nf3 e6 3.d4 cxd4 4.Nxd4 Nc6 5.Nc3 Qc7 6.Be2 a6 7.O-O b5 8.Nxc6 Qxc6
9.Bf3 Bb7 10.Re1 Ne7 11.Bf4 Rc8 12.Bd6 Ng6 13.e5 Qb6 14.Bxb7 Qxb7 15.Ne4 Rc4
16.Qf3 Qc6 17.Rad1 Be7 18.c3 Qb6 19.Qg3 Qb7 20.Qe3 f5 21.Nc5 Qc6 22.Bxe7 Nxe7
23.b4 Nd5 24.Qg3 O-O 25.Rd3 a5 26.a3 axb4 27.cxb4 Ra8 28.h3 Rf8 29.Red1 Nf4
30.R3d2 Nd5 31.Kh1 Rc3 32.Rd3 Rc4 33.Qf3 Rf4 34.Qe2 Rh4 35.Rg3 Nf4 36.Qf3 Nd5
37.Rxg7+ Kxg7 38.Qg3+ Kh8 39.Qxh4 Rg8 40.Rg1 Qc8 41.f4 Qd8 42.Qxd8 Rxd8 43.Rf1 Ra8
44.Rf3 Nb6 45.Rd3 Ra7 46.g3 Kg8 47.Kg2 Kf7 48.Rd6 Nc4 49.Rxd7+ Rxd7 50.Nxd7 Nxa3
51.Nc5 Nc2 52.Nb7 Nxb4 53.Nd6+ Ke7 54.Nxb5 Nd5 55.Kf3 h5 56.Nd6 Kf8 57.Nc4 Ke7
58.Ne3 Nc3 59.Ng2 Nd5 60.Ke2 Kf7 61.Kd3 Ke7 62.Kd4 Kd7 63.Nh4 Ne7 64.Kc5 Kc7
65.Nf3 Kd7 66.Ng5 Nd5 67.h4 Nc3 68.Nh7 Ne4+ 69.Kd4 Ke7 70.Ke3 Nxg3 71.Nf6 Kf7
72.Kf2 Ne4+ 73.Nxe4 fxe4 74.Ke3 Kg7 75.Kxe4 Kg6 76.f5+ exf5+ 77.Kf4  1-0

[Event "FSIMA May"]
[Site "Budapest HUN"]
[Date "2003.05.07"]
[Round "5"]
[White "Dembo,Y"]
[Black "Pg,MOAHirawan"]
[Result "1-0"]
[WhiteElo "2402"]
[BlackElo "2210"]

1.e4 c5 2.Nf3 e6 3.d4 cxd4 4.Nxd4 Nc6 5.Nc3 a6 6.Nxc6 bxc6 7.Bd3 e5 8.O-O Nf6
9.Qe2 Bc5 10.Na4 Bd4 11.c3 Ba7 12.c4 Bd4 13.Be3 Bxe3 14.Qxe3 O-O 15.Rfd1 Qc7
16.c5 Bb7 17.Nb6 Rad8 18.Nc4 Ne8 19.Bc2 d6 20.Qd3 d5 21.exd5 e4 22.Qxe4 Nf6
23.d6 Qd7 24.Qf5 Rfe8 25.Qxd7 Nxd7 26.b4 Ne5 27.Na5 Bc8 28.f4  1-0

[Event "TCh-ESP"]
[Site "Lanzarote ESP"]
[Date "2003.05.07"]
[Round "2"]
[White "Bellon Lopez,JuM"]
[Black "Corral Blanco,J"]
[Result "1-0"]
[WhiteElo "2422"]
[BlackElo "2456"]

1.e4 c5 2.Nc3 e6 3.Nf3 Nc6 4.d4 cxd4 5.Nxd4 Qc7 6.Be3 a6 7.Bd3 Nf6 8.Nb3 d6
9.f4 g6 10.Qf3 Bg7 11.O-O-O Rb8 12.g4 b5 13.Kb1 b4 14.Ne2 Bb7 15.h4 h5 16.gxh5 Nxh5
17.Ng3 Qe7 18.Nxh5 Rxh5 19.Qe2 Ra8 20.Nd2 Qf6 21.Nc4 Rd8 22.f5 Rxh4 23.fxe6 fxe6
24.Rhf1 Qe7 25.e5 Nxe5 26.Nxe5 Bxe5 27.Bxg6+ Kd7 28.Rf7 Qxf7 29.Bxf7 Rf8
30.Qf2 Rfh8 31.Bc1 Rc4 32.Bg6 Kc6 33.b3 Rg4 34.Qf3+  1-0

[Event "TCh-ESP"]
[Site "Lanzarote ESP"]
[Date "2003.05.07"]
[Round "2"]
[White "Korneev,O"]
[Black "Graf,A"]
[Result "1/2-1/2"]
[WhiteElo "2606"]
[BlackElo "2630"]

1.e4 c5 2.Nf3 e6 3.d4 cxd4 4.Nxd4 Nc6 5.Nc3 Qc7 6.Be3 a6 7.Qd2 Nf6 8.O-O-O Bb4
9.f3 Ne7 10.Nde2 d5 11.a3 Ba5 12.Bg5 dxe4 13.Bxf6 gxf6 14.Qh6 f5 15.Qf6 Ng6
16.fxe4 f4 17.g3 Bd7 18.gxf4 Bxc3 19.bxc3 Qd8 20.Qxd8+ Rxd8 21.Rg1 Ke7 22.Rg3 Rc8
23.f5 exf5 24.Bh3 Rc5 25.Re3 Re5 26.Ng3 Nh4 27.Rdd3 Bc6 28.Nxf5+ Nxf5 29.Bxf5 h5
30.Rd4 Rg8 31.Rg3 Rxg3 32.hxg3 Kf6 33.c4 Re8 34.Rd6+ Kg5 35.Kd2 Bxe4 36.Bxe4 Rxe4
37.Rd7 Rxc4 38.Rxb7 f5 39.Rg7+ Kf6 40.Rh7 Kg6 41.Rh8 Ra4 42.Kd3 Rxa3+ 43.Kd4 Kf6
44.c4 Rxg3 45.c5 Ke6 46.Rh6+ Kd7 47.Rh7+ Kc6 48.Rh6+ Kb7 49.Rh7+ Kc6 50.Rh6+ Kb7
51.Rxh5 Rg1  1/2-1/2

[Event "TCh-ESP"]
[Site "Lanzarote ESP"]
[Date "2003.05.07"]
[Round "2"]
[White "Arizmendi Martinez,J"]
[Black "Teran Alvarez,I"]
[Result "1-0"]
[WhiteElo "2516"]
[BlackElo "2385"]

1.e4 c5 2.Nc3 e6 3.Nf3 Nc6 4.d4 cxd4 5.Nxd4 Qc7 6.Be3 a6 7.Qd2 b5 8.Nxc6 Qxc6
9.f3 Bb7 10.O-O-O Ne7 11.Bc5 O-O-O 12.Qf2 d5 13.Bd3 Kb8 14.exd5 Nxd5 15.Ba7+ Ka8
16.Nxd5 exd5 17.Bd4 f6 18.Rhe1 Bd6 19.f4 Rde8 20.Rxe8+ Qxe8 21.g3 Bc6 22.Re1 Qf7
23.Bc5 Rd8 24.Bxd6 Rxd6 25.Qb6 Qb7 26.Qxb7+ Kxb7 27.Re7+ Rd7 28.Rxd7+ Bxd7
29.Bxh7 b4 30.Bd3 Bh3 31.Kd2 d4 32.Be2 Kb6 33.Kd3 Kc5 34.Ke4 a5 35.f5 Bg2+
36.Kf4 a4 37.Bd3 a3 38.b3 Kd5 39.h4 Kd6 40.g4 Bc6 41.g5 Ke7 42.Bc4 Bb7 43.Bd3 Bc6
44.Be4 Bb5 45.Bd5 d3 46.cxd3 Bxd3 47.Be4 Be2 48.Bc2 Bh5 49.Ke3 fxg5 50.hxg5 Kd6
51.Kd4 Bf7 52.g6 Bd5 53.f6 gxf6 54.g7 Bg8 55.Bd3 Ke7 56.Kc5 Kf7 57.Kxb4 Kxg7
58.Kxa3 Kf8 59.Kb4 Ke7 60.Kc5 Be6 61.Bc4 Bg4 62.Bd5 Be2 63.Kb6  1-0

[Event "TCh-ESP"]
[Site "Lanzarote ESP"]
[Date "2003.05.07"]
[Round "2"]
[White "Campora,D"]
[Black "Rodriguez,Or"]
[Result "1-0"]
[WhiteElo "2506"]
[BlackElo "2464"]

1.e4 c5 2.Nf3 e6 3.d4 cxd4 4.Nxd4 Nc6 5.Nc3 Qc7 6.g3 a6 7.Bg2 d6 8.O-O Bd7
9.a4 Nf6 10.Re1 Be7 11.Nxc6 Bxc6 12.a5 O-O 13.Be3 Nd7 14.Na4 Rad8 15.Nb6 Nc5
16.Bd4 f5 17.exf5 Bxg2 18.Kxg2 Rxf5 19.b4 Qc6+ 20.f3 e5 21.Be3 e4 22.bxc5 exf3+
23.Kf2 dxc5 24.Qb1 Rh5 25.Qb3+ Kh8 26.Kg1 Rd2 27.Bxd2 f2+ 28.Kf1 Rxh2 29.Qd5 Qf6
30.Qd8+  1-0

[Event "FSGM May"]
[Site "Budapest HUN"]
[Date "2003.05.08"]
[Round "6"]
[White "Hermansson,E"]
[Black "Horvath,P1"]
[Result "1/2-1/2"]
[WhiteElo "2396"]
[BlackElo "2456"]

1.e4 c5 2.Nf3 Nc6 3.Nc3 e6 4.d4 cxd4 5.Nxd4 Nf6 6.Ndb5 d6 7.Bf4 e5 8.Bg5 a6
9.Na3 b5 10.Bxf6 gxf6 11.Nd5 Bg7 12.Bd3 Ne7 13.Nxe7 Qxe7 14.O-O O-O 15.c4 f5
16.Qf3 bxc4 17.Nxc4 d5 18.exd5 e4 19.Qe3 Bb7 20.d6 Qf6 21.Bc2 f4 22.Qh3 Rac8
23.b3 Qg5 24.d7 Rc6 25.Bxe4 Rh6 26.Qf5 Qh4 27.h3 Rh5 28.Qg4 Bxe4 29.Qxh4 Rxh4
30.Nd6 Bxa1 31.Ne8 Bg7 32.Re1 Bc6 33.d8=Q Rh6 34.Kh2 f3 35.gxf3 Rg6 36.Re3 h6
37.h4 Kh8 38.Qc8 h5 39.f4 Bh6 40.Qf5 Bxe8 41.Qxh5 Bd7 42.Rg3 Kh7 43.Qd5 Bc6
44.Qd3 f5 45.Rxg6 Kxg6 46.Qxa6 Bxf4+ 47.Kg1 Rf6 48.Qc4 Bh6 49.Kf1 Be4 50.Qg8+ Bg7
51.Qe8+ Kh6 52.f3 Bc6 53.Qe3+ Kh7 54.Qf4 Bh6 55.Qe5 Bg7 56.Kf2 Rf8 57.Qc7 Bd5
58.h5 Bf7 59.Qc5 Bxh5 60.b4 Bg6 61.b5 f4 62.b6 Rf5 63.Qb4 Bf8 64.Qb2 Bc5+
65.Ke1 Rf8 66.b7 Re8+ 67.Kd2 Rd8+ 68.Ke1 Re8+ 69.Kd2 Be3+ 70.Kc3 Rb8 71.Qb5 Kh6
72.Qc6 Ba7 73.Qc8 Kg5 74.Qg4+ Kf6 75.Qxf4+ Bf5 76.Qd6+ Be6 77.Qf4+ Ke7 78.Qc7+ Bd7
79.Qe5+ Kf7 80.Qa5  1/2-1/2

[Event "National I"]
[Site "Clermont-Ferrand FRA"]
[Date "2003.05.08"]
[Round "8"]
[White "Muller,A"]
[Black "Skripchenko,A"]
[Result "0-1"]
[WhiteElo "2173"]
[BlackElo "2501"]

1.e4 c5 2.Nf3 e6 3.d4 cxd4 4.Nxd4 Nc6 5.Nc3 Qc7 6.Be3 Nf6 7.Bd3 a6 8.O-O b5
9.Nxc6 dxc6 10.a4 Rb8 11.f4 e5 12.f5 Be7 13.Qe2 Bb7 14.Kh1 Rc8 15.b3 Nd7
16.Qf2 Qd8 17.Qg3 Bf6 18.Rad1 Qe7 19.Qf2 O-O 20.Be2 h6 21.Bf3 Bg5 22.Bxg5 hxg5
23.Rd2 Rc7 24.Rfd1 Nf6 25.h3 b4 26.Nb1 c5 27.Qe2 c4 28.bxc4 Rfc8 29.Qe3 Rxc4
30.Qxg5 Bxe4 31.Bxe4 Rxe4 32.Rd6 Re1+ 33.Rxe1 Qxd6 34.Qc1 Qc5 35.Qb2 e4 36.Rc1 a5
37.c4 Qxf5 38.Nd2 Nd7 39.Rf1 Qe5 40.Qxe5 Nxe5 41.Nxe4 Rxc4 42.Nd6 Rc2  0-1

[Event "National I"]
[Site "Clermont-Ferrand FRA"]
[Date "2003.05.08"]
[Round "8"]
[White "Sermier,G"]
[Black "Salaun,Y"]
[Result "1/2-1/2"]
[WhiteElo "2373"]
[BlackElo "2386"]

1.e4 c5 2.Nf3 e6 3.d4 cxd4 4.Nxd4 Nc6 5.Nc3 a6 6.Be2 Nge7 7.Be3 b5 8.O-O Nxd4
9.Qxd4 Nc6 10.Qd2 Be7 11.f4 O-O 12.Bf3 Bb7 13.e5 Na5 14.Bxb7 Nxb7 15.f5 b4
16.Ne4 exf5 17.Rxf5 d5 18.exd6 Nxd6 19.Nxd6 Qxd6 20.Qxd6 Bxd6 21.Rd1 g6 22.Rfd5  1/2-1/2

[Event "67th ch-BUL"]
[Site "Sofia BUL"]
[Date "2003.05.08"]
[Round "2"]
[White "Simeonov,S"]
[Black "Iotov,V"]
[Result "1-0"]
[WhiteElo "2345"]
[BlackElo "2255"]

1.e4 c5 2.Nf3 e6 3.d4 cxd4 4.Nxd4 Nc6 5.Nc3 Qc7 6.g3 a6 7.Bg2 Nf6 8.O-O d6
9.Re1 Nd7 10.b3 Be7 11.Bb2 O-O 12.Nce2 Nde5 13.Qd2 Bd7 14.c4 Nxd4 15.Qxd4 Bf6
16.Qd2 b5 17.f4 Nd3 18.Qxd3 Bxb2 19.Rad1 bxc4 20.bxc4 Rad8 21.Qxd6 Qxc4 22.e5 Qc8
23.Qb4 Qc2 24.Rd2  1-0

[Event "National I"]
[Site "Clermont-Ferrand FRA"]
[Date "2003.05.09"]
[Round "9"]
[White "Baklan,V"]
[Black "Tregubov,P"]
[Result "1/2-1/2"]
[WhiteElo "2607"]
[BlackElo "2632"]

1.e4 c5 2.Nf3 Nc6 3.Nc3 e6 4.d4 cxd4 5.Nxd4 Qc7 6.Be3 a6 7.Bd3 Nf6 8.O-O b5
9.Nb3 Be7 10.f4 d6 11.Qf3 Bb7 12.Qh3 Nb4 13.Rac1 Rc8 14.a3 Nxd3 15.cxd3 Qd8
16.Nd4 O-O 17.g4 Nd7 18.g5 Nc5 19.Rcd1 e5 20.Nf5 Ne6 21.Nxe7+  1/2-1/2

[Event "National I"]
[Site "Clermont-Ferrand FRA"]
[Date "2003.05.09"]
[Round "9"]
[White "Bellaiche,A"]
[Black "Salaun,Y"]
[Result "1-0"]
[WhiteElo "2424"]
[BlackElo "2386"]

1.e4 c5 2.Nf3 e6 3.d4 cxd4 4.Nxd4 Nc6 5.Nc3 a6 6.Nxc6 bxc6 7.Bd3 d6 8.O-O Nf6
9.f4 Be7 10.b3 O-O 11.Bb2 e5 12.Qe2 exf4 13.Rxf4 Nd7 14.Na4 Ne5 15.Bxe5 dxe5
16.Rff1 g6 17.Bc4 Kg7 18.Rad1 Qc7 19.Kh1 Qa7 20.Rd3 Rb8 21.Rfd1 a5 22.h3 h5
23.Rf3 h4 24.Rdf1 f6 25.Nb2 Qc7 26.Qf2 Qd6 27.Qa7 Rb7 28.Qxa5 Qd4 29.c3 Qxe4
30.Nd3 g5 31.Nf2 Qg6 32.Bd3 Qf7 33.Be4 Qe6 34.Ng4 Qd6 35.Ne3 Rb5 36.Qa4 Qc7
37.Qc4 Rc5 38.Qe2 Ra5 39.R3f2 Rh8 40.Qf3 Rh6 41.Rd2 Ra7 42.Rfd1 Kf8 43.Ng4 Bxg4
44.Qxg4  1-0

[Event "National I"]
[Site "Clermont-Ferrand FRA"]
[Date "2003.05.09"]
[Round "9"]
[White "Tirard,H"]
[Black "Bischoff,K"]
[Result "0-1"]
[WhiteElo "2393"]
[BlackElo "2564"]

1.e4 c5 2.Nf3 e6 3.d4 cxd4 4.Nxd4 Nc6 5.Nc3 d6 6.Be3 a6 7.Qd2 Bd7 8.O-O-O Rc8
9.f3 Qc7 10.Kb1 Nxd4 11.Bxd4 b5 12.Bd3 Ne7 13.Rhe1 Qb7 14.f4 b4 15.Ne2 Nc6
16.f5 e5 17.Be3 Be7 18.Ng3 a5 19.Qe2 Rb8 20.Bc4 a4 21.Qh5 g6 22.Qh6 b3 23.cxb3 axb3
24.a3 Na5 25.Bd5 Bf8 26.Qh4 Bc6 27.fxg6 fxg6 28.Qf6 Qg7 29.Bxc6+ Nxc6 30.Rxd6 Qxf6
31.Rxf6 Nd4 32.Bxd4 exd4 33.e5 Bg7 34.Re6+ Kf7 35.Rd6 Rhd8 36.Ne4 Rxd6 37.exd6 Ke6
38.Rc1 Kd5 39.d7 Rd8 40.Nc5 Bh6 41.Nb7 Rxd7 42.Rc5+ Ke4 43.Rb5 Bf8 44.Rxb3 d3
45.Kc1 Rf7 46.Kd2 Bh6+ 47.Ke1 d2+  0-1

[Event "TCh-ESP"]
[Site "Lanzarote ESP"]
[Date "2003.05.09"]
[Round "4"]
[White "Reinaldo Castineira,R"]
[Black "Ortega Hermida,D"]
[Result "1-0"]
[WhiteElo "2405"]
[BlackElo "2362"]

1.e4 c5 2.Nf3 e6 3.d4 cxd4 4.Nxd4 Nc6 5.Nc3 a6 6.Be3 Nge7 7.Nb3 Ng6 8.f4 Rb8
9.g3 Be7 10.h4 O-O 11.h5 Nh8 12.Qd2 f6 13.O-O-O b5 14.Kb1 Nf7 15.g4 h6 16.Rg1 Qc7
17.e5 b4 18.Ne4 fxe5 19.g5 d5 20.gxh6 Nxh6 21.fxe5 Nf5 22.Nf6+ Kh8 23.Ng4 Nxe3
24.Qxe3 Qa7 25.Qg3 Bg5 26.Bd3 Ne7 27.h6 g6 28.Nf6 Be3 29.Bxg6 Bxg1 30.Rxg1 Ng8
31.Bf7  1-0

[Event "67th ch-BUL"]
[Site "Sofia BUL"]
[Date "2003.05.10"]
[Round "4"]
[White "Spasov,V"]
[Black "Iotov,V"]
[Result "1-0"]
[WhiteElo "2555"]
[BlackElo "2255"]

1.e4 c5 2.Nf3 e6 3.d4 cxd4 4.Nxd4 Nc6 5.Nc3 Qc7 6.f4 a6 7.Nxc6 Qxc6 8.Bd3 b5
9.Qe2 Bb7 10.Bd2 Rc8 11.a3 Bc5 12.Rf1 Ne7 13.O-O-O O-O 14.f5 exf5 15.exf5 Qxg2
16.Qh5 g6 17.Qh6 gxf5 18.Ne2 Rc6 19.Qh5 Rg6 20.Ng3 Qd5 21.Kb1 f4 22.Bxg6 fxg6
23.Qh6 Qe6 24.Rde1 Qf7 25.Rxf4 Qg7 26.Rxf8+ Qxf8 27.Qh4 Qf2 28.Qg5 Nd5 29.Qd8+  1-0

[Event "Capablanca Mem Elite"]
[Site "Havana CUB"]
[Date "2003.05.11"]
[Round "6"]
[White "Dominguez,L"]
[Black "Zapata,A"]
[Result "1-0"]
[WhiteElo "2603"]
[BlackElo "2543"]

1.e4 c5 2.Nf3 e6 3.d4 cxd4 4.Nxd4 Nc6 5.Nc3 Qc7 6.Be3 a6 7.Qd2 Nf6 8.O-O-O Be7
9.f3 O-O 10.g4 b5 11.g5 Nh5 12.Nce2 g6 13.Ng3 Nxd4 14.Bxd4 Nf4 15.h4 e5 16.Be3 Rd8
17.Ne2 Nh5 18.Nc3 Bb7 19.Qf2 Nf4 20.Bb6 Qc6 21.Bxd8 Bc5 22.Qd2 Rxd8 23.Nd5 Nxd5
24.exd5 Qb6 25.Kb1 Be3 26.Qg2 Qc5 27.h5 Qe7 28.hxg6 fxg6 29.Bd3 d6 30.Rh4 Bxg5
31.Rg4 Bf6 32.Rh1 Kf8 33.Bxg6 hxg6 34.Rxg6 Bxd5 35.Rhh6 Bg7 36.Rh7 Rd7 37.Qg4 Qf7
38.Rgxg7 Qxg7 39.Rxg7 Rxg7 40.Qc8+ Kf7 41.b3 Rg6 42.Qxa6 Bxf3 43.Qxb5 Ke7
44.a4 Rg2 45.Qd3 e4 46.Qd4 Rg5 47.Qe3 Rd5 48.Kb2 Kd7 49.b4 Rd1 50.a5 d5 51.Qa7+ Ke6
52.a6 d4 53.Qb7  1-0

[Event "Capablanca Mem Premier II"]
[Site "Havana CUB"]
[Date "2003.05.11"]
[Round "6"]
[White "Zambrana,O"]
[Black "Baches Garcia,G"]
[Result "1-0"]
[WhiteElo "2403"]
[BlackElo "2397"]

1.e4 c5 2.Nf3 e6 3.d4 cxd4 4.Nxd4 Nc6 5.Nc3 a6 6.g3 d6 7.Bg2 Bd7 8.O-O Nf6
9.h3 Be7 10.Kh1 O-O 11.g4 Nxd4 12.Qxd4 Bc6 13.Be3 Nd7 14.Qd2 Re8 15.Rad1 Ne5
16.b3 Ng6 17.Kg1 e5 18.Nd5 Bxd5 19.Qxd5 Qc7 20.c4 Bf8 21.Qd2 Re6 22.Rc1 Nh4
23.b4 Rg6 24.Rfd1 h5 25.f3 Be7 26.a3 Rc8 27.Kh2 Rf6 28.Qf2 Ng6 29.g5 Rf4
30.Bxf4 Nxf4 31.h4 f6 32.c5 dxc5 33.gxf6 gxf6 34.Bh3 Rd8 35.Qa2+ Kf8 36.Rg1 c4
37.Rxc4 Rd2+ 38.Qxd2 Qxc4 39.Rc1 Qb3 40.Rc3 Qb1 41.Rc8+ Kf7 42.Qc2 Qxc2+
43.Rxc2 b6 44.Rc7 a5 45.bxa5 bxa5 46.Ra7 Ng6 47.Kg3 Kf8 48.Rxa5 Nf4 49.Ra8+ Kf7
50.a4 Bb4 51.a5 Be1+ 52.Kh2 Bxh4 53.a6 Bf2 54.a7  1-0

[Event "Capablanca Mem Premier I"]
[Site "Havana CUB"]
[Date "2003.05.14"]
[Round "9"]
[White "Mateo,Ra"]
[Black "Otero,D"]
[Result "1/2-1/2"]
[WhiteElo "2444"]
[BlackElo "2394"]

1.e4 c5 2.Nf3 e6 3.d4 cxd4 4.Nxd4 Nc6 5.Nc3 Qc7 6.Be2 a6 7.Nb3 Nf6 8.O-O Bb4
9.Bd3 Ne5 10.f4 Nc4 11.Qe1 b5 12.Kh1 Bxc3 13.Qxc3 Bb7 14.Qe1 O-O 15.Nd4 d5
16.e5 Ne4 17.b3 Nb6 18.Qh4 Rfe8 19.Be3 Nd7 20.Rf3 Nf8 21.Raf1 Qe7 22.Qh5 f5
23.exf6 Qxf6 24.Ne2 Qf5 25.Qh4 Ng6 26.Qe1 e5 27.fxe5 Qxe5 28.Bd4 Qe6 29.Bxg7 Kxg7
30.Nd4 Qe5 31.Nf5+ Kh8 32.Nh6 Ng5 33.Qc1 d4 34.Rg3 Rf8 35.Rxg5 Qe3 36.Nf5 Qxc1
37.Rxc1 Nf4 38.Kg1 Bxg2 39.Rxg2 Nxd3 40.Rf1 Nb4 41.a3 Nc6  1/2-1/2

[Event "Capablanca Mem Mixto"]
[Site "Havana CUB"]
[Date "2003.05.16"]
[Round "11"]
[White "Vasquez Ramirez,R"]
[Black "Collazo,N"]
[Result "1/2-1/2"]
[WhiteElo "2269"]
[BlackElo "2204"]

1.e4 c5 2.Nf3 Nc6 3.d4 cxd4 4.Nxd4 e6 5.Nc3 a6 6.Be2 Qc7 7.O-O Nf6 8.Bg5 Be7
9.Nb3 O-O 10.f4 d6 11.Qe1 b5 12.a3 Bb7 13.Bd3 b4 14.Ne2 a5 15.Kh1 Qb6  1/2-1/2

[Event "TCh-RUS"]
[Site "Togliatti RUS"]
[Date "2003.05.16"]
[Round "1"]
[White "Kolotilin,Y"]
[Black "Klimov,S"]
[Result "1/2-1/2"]
[WhiteElo "2332"]
[BlackElo "2507"]

1.e4 c5 2.Nf3 e6 3.d4 cxd4 4.Nxd4 Nc6 5.Nc3 Qc7 6.Be3 a6 7.Bd3 Nf6 8.O-O Bd6
9.Nxc6 bxc6 10.f4 e5 11.f5 Bb7 12.Na4 Be7 13.c4 d6 14.Nc3 O-O 15.Qf3 Rfd8
16.Rad1 d5 17.cxd5 cxd5 18.Nxd5 Bxd5 19.exd5 Nxd5 20.Bf2 Nf6 21.Kh1 a5 22.b3 a4
23.Qe2 axb3 24.axb3 Qb7 25.Qxe5 Qxb3 26.Qxe7 Rxd3 27.Rb1 Qd5 28.Qb7 h5 29.Bh4 Ne4
30.Qxd5 Rxd5 31.h3 Nd6 32.Rbd1 Rxd1 33.Rxd1 Nxf5 34.Bf2 Ra2 35.Kg1 Kh7 36.g4 hxg4
37.hxg4 Nh6 38.Rd4 f6 39.Kg2 Kg6 40.Kf3 Nf7 41.Be3 Ne5+ 42.Kg3 Ra3 43.Re4 Kf7
44.g5 Nd7 45.gxf6 Nxf6 46.Re5 Nd7 47.Re4 Nf6 48.Re5 Rd3 49.Kf4 Nd7 50.Re4  1/2-1/2

[Event "TCh-RUS"]
[Site "Togliatti RUS"]
[Date "2003.05.16"]
[Round "1"]
[White "Najer,E"]
[Black "Geller,J"]
[Result "0-1"]
[WhiteElo "2606"]
[BlackElo "2441"]

1.e4 c5 2.Nf3 e6 3.d4 cxd4 4.Nxd4 Nc6 5.Nc3 Qc7 6.Be3 a6 7.Bd3 Nf6 8.Qe2 Be7
9.g4 Nxd4 10.Bxd4 e5 11.Be3 d5 12.exd5 Bxg4 13.f3 Bh5 14.O-O-O O-O 15.Kb1 Rfd8
16.Qf2 Bb4 17.Bb6 Qd6 18.Bxd8 Bxc3 19.Be7 Qxe7 20.d6 Bd4 21.dxe7 Bxf2 22.Bxa6 Bd4
23.Bxb7 Rb8 24.Rxd4 exd4 25.Bc6 Ne8 26.a4 f5 27.a5 Nc7 28.Rd1 Rb4 29.b3 Be8
30.Bxe8 Nxe8 31.Kb2 Kf7 32.Ka3 Rb7 33.Rxd4 Kxe7 34.Rd5 Ke6 35.Rd8 Nd6 36.c4 g5
37.Ka4 Ra7 38.Rg8 g4 39.fxg4 f4 40.Rf8 Rf7 41.Rd8 f3 42.c5 Nb7 43.Rd1 Nxc5+
44.Kb4 Ne4 45.a6 f2 46.Rf1 Kd6 47.Kb5 Kc7  0-1

[Event "67th ch-BUL"]
[Site "Sofia BUL"]
[Date "2003.05.17"]
[Round "11"]
[White "Cheparinov,I"]
[Black "Iotov,V"]
[Result "1-0"]
[WhiteElo "2508"]
[BlackElo "2255"]

1.e4 c5 2.Nf3 e6 3.d4 cxd4 4.Nxd4 Nc6 5.Nc3 Qc7 6.Be3 a6 7.Qd2 Nf6 8.O-O-O Bb4
9.f3 Ne5 10.Nb3 b5 11.Bd4 Be7 12.Qg5 Ng6 13.Qe3 Bd6 14.Qf2 Bxh2 15.Ne2 Be5
16.Bb6 Qb8 17.g4 h6 18.Be3 d5 19.Nbd4 Bd7 20.g5 hxg5 21.Rxh8+ Nxh8 22.Bxg5 Ng6
23.Bg2 Nf4 24.Rh1 Qc7 25.Kb1 O-O-O 26.exd5 exd5 27.Nxf4 Bxf4 28.Bxf6 gxf6
29.Ne2 Bd6 30.f4 Bf5 31.Nc3 Bc5 32.Qe2 Qxf4 33.Nxd5 Qe5 34.Qf3 Re8 35.Ne7+ Qxe7
36.Qa8+ Kc7 37.Qb7+ Kd8 38.Rd1+ Bd6 39.Qb8+ Kd7 40.Qa7+ Kd8 41.Qa8+ Bc8 42.Qb8 Qd7
43.Qb6+ Ke7 44.Bc6 Qc7 45.Qe3+ Be6 46.Bxe8 Kxe8 47.Rh1 Ke7 48.Qe4 b4 49.Rh8 Qc4
50.Qb7+ Bc7 51.b3 Qc5 52.Rh1 a5 53.Rc1 Qc3 54.Rd1 f5 55.Rd3 Qc5 56.Kc1 Kf6
57.Qh1 Bf4+ 58.Kb1 Kg6 59.Rd8 Kf6 60.Qh8+ Ke7 61.Qf8+  1-0